Sports Quiz

Random Sports or Letter Quiz

MLB All-Star Appearances per Letter Quiz Stats

 Plays Quiz Retired Jul 15, 2021

Support Sporcle.
Go Orange.
Score 0/25 Timer 07:00
0 Plays Today
Letter Player's Name % Correct
AHank Aaron
89.7%
MStan Musial/Willie Mays
73.1%
WTed Williams
66.6%
JReggie Jackson/Derek Jeter
60.9%
YCarl Yastrzemski
60%
RCal Ripken Jr
57.7%
DJoe DiMaggio
41.8%
SOzzie Smith
41%
BYogi Berra
38%
KAl Kaline
30.2%
OMel Ott
29.9%
FNellie Fox
27.8%
GTony Gwynn
27.1%
Letter Player's Name % Correct
ZCarlos Zambrano/Barry Zito
23.4%
HBilly Herman/Rickey Henderson
22.9%
CRod Carew
22.6%
QDan Quisenberry
19.1%
PMike Piazza
15.8%
LBarry Larkin
13%
EDennis Eckersley
12%
UChase Utley
12%
IJason Isringhausen
8.6%
VArky Vaughan
4.5%
TJoe Torre
4.1%
NHal Newhouser
2.5%

You're not logged in!

Compare scores with friends on all Sporcle quizzes.
OR
Log In
Forgot?

From the Vault

Holiday Acrostic Puzzle

by bhenderson79

Holiday 9m
We're giving your brain some festive exercise today.
Remove Ads.
Support Sporcle.
Get the best of Sporcle when you Go Orange. This ad-free experience offers more features, more stats, and more fun while also helping to support Sporcle. Thank you for becoming a member.

Show Comments

Extras

Top Quizzes Today


Score Distribution

Your Account Isn't Verified!

In order to create a playlist on Sporcle, you need to verify the email address you used during registration. Go to your Sporcle Settings to finish the process.

Report this User

Report this user for behavior that violates our Community Guidelines.

Details: